00655 2200241 4500001002100000005001700021008004100038020001800079035002400097041000800121043001200129082001100141090002200152100002000174245006900194250001100263260003200274300003000306650002100336700002300357850001200380999002100392YOGYA-0511000000102420110518085617.0 ind  a979-672-144-9 0010-051100000001023 aInd aYOPDYOG a028.55 aDEP 028.55bSup P aSUPANGKAT, Eddy aPermadani terbangcEddy Supangkat ; ilustrasi, Laksmi Adinegoro. aCet.1. aYogyakartabKanisiusc1999. a40 hlm.bilus.c21x28 cm. aBacaan Bergambar aAdinegoro, Laksmi. aYOPDYOG aCB-D.11 1999-108